Countries of the World with Weighted Points - Statistics

General Stats
  • This quiz has been taken 52 times
    47 since last reset
  • The average score is 518 of 686
Answers on the Map
Answers color-coded by a green-red scale on the quiz's map according to % correct below.
 
Answer Stats
Country % Correct
Fiji
90%
Madagascar
90%
Niger
90%
Papua New Guinea
90%
Russia
90%
Cuba
87%
Iran
87%
Iraq
87%
Libya
87%
United Arab Emirates
87%
United States
87%
Uruguay
87%
Algeria
83%
Argentina
83%
Australia
83%
Bolivia
83%
Brazil
83%
Canada
83%
China
83%
Colombia
83%
Democratic Republic of the Congo
83%
Democratic Republicof the Congo
83%
Dominican Republic
83%
Egypt
83%
Finland
83%
France
83%
India
83%
Italy
83%
Jamaica
83%
Jordan
83%
Kazakhstan
83%
Laos
83%
Malaysia
83%
Mexico
83%
Mongolia
83%
Netherlands
83%
Nigeria
83%
Oman
83%
Pakistan
83%
Paraguay
83%
Peru
83%
Samoa
83%
Spain
83%
Sri Lanka
83%
Sweden
83%
Togo
83%
Turkey
83%
Turkmenistan
83%
United Kingdom
83%
Venezuela
83%
Yemen
83%
Afghanistan
80%
Albania
80%
Angola
80%
Belarus
80%
Belgium
80%
Cambodia
80%
Chad
80%
Chile
80%
Croatia
80%
Cyprus
80%
Denmark
80%
Ecuador
80%
Germany
80%
Greece
80%
Iceland
80%
Ireland
80%
Israel
80%
Japan
80%
Kenya
80%
Mali
80%
Malta
80%
Myanmar
80%
New Zealand
80%
North Macedonia
80%
Norway
80%
Poland
80%
Portugal
80%
Republic of the Congo
80%
Saudi Arabia
80%
Seychelles
80%
Somalia
80%
South Africa
80%
Switzerland
80%
Thailand
80%
Tunisia
80%
Ukraine
80%
Uzbekistan
80%
Andorra
77%
Armenia
77%
Austria
77%
Bangladesh
77%
Bhutan
77%
Central African Republic
77%
Dominica
77%
Federated States of Micronesia
77%
Georgia
77%
Ghana
77%
Haiti
77%
Hungary
77%
Ivory Coast
77%
Lebanon
77%
Liechtenstein
77%
Luxembourg
77%
Maldives
77%
Marshall Islands
77%
Morocco
77%
Mozambique
77%
Nepal
77%
Nicaragua
77%
Panama
77%
Philippines
77%
Qatar
77%
Romania
77%
Rwanda
77%
Serbia
77%
Slovenia
77%
South Sudan
77%
Sudan
77%
Suriname
77%
Syria
77%
Taiwan
77%
Tajikistan
77%
Tanzania
77%
Uganda
77%
Vatican City
77%
Vietnam
77%
Barbados
73%
Bosnia and Herzegovina
73%
Brunei
73%
Djibouti
73%
El Salvador
73%
Estonia
73%
Eswatini
73%
Grenada
73%
Guatemala
73%
Guyana
73%
Honduras
73%
Indonesia
73%
Kiribati
73%
Kosovo
73%
Kuwait
73%
Kyrgyzstan
73%
Latvia
73%
Lesotho
73%
Liberia
73%
Lithuania
73%
Mauritania
73%
Monaco
73%
Montenegro
73%
Namibia
73%
North Korea
73%
Saint Kitts and Nevis
73%
Senegal
73%
Slovakia
73%
South Korea
73%
Trinidad and Tobago
73%
Tuvalu
73%
Zambia
73%
Zimbabwe
73%
Azerbaijan
70%
Bahamas
70%
Benin
70%
Botswana
70%
Cape Verde
70%
Costa Rica
70%
East Timor
70%
Equatorial Guinea
70%
Gabon
70%
Guinea
70%
Saint Lucia
70%
Saint Vincent and the Grenadines
70%
San Marino
70%
Solomon Islands
70%
Antigua and Barbuda
67%
Bahrain
67%
Bulgaria
67%
Burkina Faso
67%
Cameroon
67%
Czech Republic
67%
Eritrea
67%
Ethiopia
67%
Mauritius
67%
Moldova
67%
Palau
67%
São Tomé and Príncipe
67%
Singapore
67%
Tonga
67%
Belize
63%
Gambia
63%
Malawi
63%
Vanuatu
63%
Comoros
60%
Guinea-Bissau
60%
Nauru
60%
Sierra Leone
60%
Burundi
57%
No matching quizzes found
Score Distribution
Percent of People with Each Score
Percentile by Number Answered
Your Score History
You have not taken this quiz since the last reset